| 000 | 00450nam a22001577a 4500 | ||
|---|---|---|---|
| 005 | 20150909152256.0 | ||
| 008 | 150909b xxu||||| |||| 00| 0 eng d | ||
| 050 |
_aPR9373.9S4 _bZ63 |
||
| 100 |
_aFrancite _919692 |
||
| 245 |
_aSenghor _cby Francite |
||
| 260 |
_aMissouri _bSt. Louis University _c1973 |
||
| 300 |
_a106p.; _c22cm. |
||
| 440 |
_nn. 2 _pFrancite _v1973 _919693 |
||
| 600 |
_aSenghor, leopold Sedar _913859 |
||
| 942 |
_2lcc _cMONOGRAPH |
||
| 999 |
_c123360 _d123360 |
||